Statistics for Top 30 Most Car-Dependent US Cities

Click here to take the quiz!

General Stats

  • This quiz has been taken 23 times
  • The average score is 13 of 30

Answer Stats

Modal Share Answer State % Correct
3.8%El PasoTX
90%
3.8%IndianapolisIN
90%
2.5%TulsaOK
75%
2.6%ArlingtonTX
70%
3.2%Colorado SpringsCO
70%
3.9%MesaAZ
70%
1.9%Fort WorthTX
65%
1.9%HendersonNV
65%
2.2%Oklahoma CityOK
60%
4.0%OmahaNE
60%
2.6%WichitaKS
55%
3.8%FresnoCA
55%
2.4%BakersfieldCA
55%
3.8%GreensboroNC
55%
3.4%LubbockTX
50%
4.0%Winston-SalemNC
45%
3.7%ScottsdaleAZ
40%
1.8%Fort WayneIN
40%
4.0%North Las VegasNV
35%
1.9%ChandlerAZ
30%
3.6%GarlandTX
25%
2.6%PlanoTX
25%
2.1%ChesapeakeVA
20%
2.1%GilbertAZ
20%
3.5%ModestoCA
20%
3.7%IrvingTX
10%
3.9%HialeahFL
10%
2.9%LaredoTX
10%
2.8%FontanaCA
10%
3.2%OxnardCA
0%

Score Distribution

Percentile by Number Answered

Percent of People with Each Score

Your Score History

You have not taken this quiz